000 00421nam a2200085Ia 4500
008 180130s9999 xx 000 0 und d
245 _cAthena A. Drewes & Angela M. Cavett
_aPlay Applications and Skills Components
300 _aBook title: Trauma-focused CBT for children and adolescents : treatment applications--Acession number c20996; pages 105-123
650 _aCOGNITIVE THERAPY, POST-TRAUMATIC STRESS DISORDER--TREATMENT,
999 _c354612
_d354612